| 000 | 01025cad a22002655a 4500 | ||
|---|---|---|---|
| 001 | L153176 | ||
| 005 | 20250821102616.0 | ||
| 008 | 110620s2011 xxka f 000 0 eng d | ||
| 020 | _a9781842196700 | ||
| 035 | _a(Sirsi) u153176 | ||
| 041 | 0 | _aeng | |
| 050 | 0 | 4 | _a333.332 $2 18 |
| 110 | 2 |
_aRoyal Institution of Chartered Surveyors _94900 |
|
| 245 | 0 | 0 |
_aValuation of data centres _bRICS guidance note _h[archived] |
| 260 |
_aCoventry _bRICS _c2011 |
||
| 300 |
_aiv, 13p. _c30cm. |
||
| 490 | 0 |
_aRICS Guidance Note _v(GN 68/2011) |
|
| 520 | _aThe aim of this guidance is to assist valuers who are instructed to provide Market Value, or Market Rent, for properties used as data centres. Includes glossary of terms. | ||
| 520 | _aArchived in 2025 | ||
| 590 | _aKA | ||
| 651 | 4 | _aInternational | |
| 690 | _aPROPERTY-PROPERTY APPRAISAL AND VALUATION | ||
| 856 | 4 | 1 |
_uhttps://www.isurv.com/downloads/file/2902/valuation_of_data_centres_1st_edition_may_2011 _zArchived on isurv (subscription required) |
| 942 |
_n0 _2ddc |
||
| 999 |
_c112409 _d112409 |
||